|
|
|
|
| LEADER |
01009nam a2200349 a 4500 |
| 001 |
000000628 |
| 003 |
SVKKK |
| 005 |
20070223143014.0 |
| 008 |
030616c1885 xo e huno |
| FMT |
|
|
|
| 038 |
|
|
|a SVKKK
|
| 040 |
|
|
|a SVKKK
|b slo
|e AACR2
|
| 041 |
0 |
|
|a hun
|
| 044 |
|
|
|a xo
|
| 080 |
|
|
|a 543.
|2 1981
|
| 080 |
|
|
|a 553.7(091
|2 1981
|
| 080 |
|
|
|a 553.7.031.1(Bardejovské Kúpele)
|2 1981
|
| 100 |
1 |
|
|a Ossikovszký, J.
|4 aut
|
| 242 |
1 |
0 |
|a Chemický rozbor minerálnej vody Bardejovských Kúpeľov
|
| 245 |
1 |
0 |
|a A bártfai fürdö ásványvizének chemikai elemzése /
|c Ossikovszký J.
|
| 260 |
|
|
|a Budapešť :
|b M. Tud. Akadémia,
|c 1885
|
| 300 |
|
|
|a 30 s.
|
| 650 |
0 |
4 |
|a vody minerálne
|x rozbory chemické
|z Bardejovské Kúpele (Slovensko)
|x dejiny
|x monografie
|
| 651 |
|
4 |
|a Bardejovské Kúpele (Slovensko)
|x vody minerálne
|
| 957 |
|
|
|a Bardejovské Kúpele
|
| 958 |
|
|
|a NA
|
| 958 |
|
|
|a RE
|
| 974 |
|
|
|d 960409
|a 246
|
| 992 |
|
|
|a AJP
|
| BAS |
|
|
|
| 852 |
|
|
|a SVKKK
|b BIB
|
| 998 |
|
|
|a GEO
|